Lettres de femmes / (Record no. 162560)

MARC details
000 -LEADER
campo de control de longitud fija 00783nam a2200193 i 4500
001 - NÚMERO DE CONTROL
campo de control 162560
003 - IDENTIFICADOR DE NÚMERO DE CONTROL
campo de control ES-MaACL
005 - FECHA Y HORA DE LA ÚLTIMA TRANSACCIÓN
campo de control 20250929063236.0
008 - DATOS DE LONGITUD FIJA--INFORMACIÓN GENERAL
campo de control de longitud fija 010730q18751900fr a |||| | fre d
040 ## - FUENTE DE CATALOGACIÓN
Centro catalogador/agencia de origen CCPB | B
Lengua de catalogación spa
Centro/agencia transcriptor CCPB | B
100 1# - ENTRADA PRINCIPAL--NOMBRE DE PERSONA
Nombre de persona Prévost, Marcel,
Fechas asociadas al nombre 1862-1941
9 (RLIN) 93819
245 10 - MENCIÓN DEL TÍTULO
Título Lettres de femmes /
Mención de responsabilidad, etc. Marcel Prévost ; illustrations de H. Gerbault.
260 ## - PUBLICACIÓN, DISTRIBUCIÓN, ETC.
Lugar de publicación, distribución, etc. Paris :
Nombre del editor, distribuidor, etc. Librairie Alphonse Lemerre,
Fecha de publicación, distribución, etc. [s.a.]
300 ## - DESCRIPCIÓN FÍSICA
Extensión 284 p. :
Otras características físicas il. ;
Dimensiones 19 cm.
596 ## - NOTA AL PIE DE IMPRENTA
NOTA AL PIE DE IMPRENTA El editor trabaja en el último tercio del S. XIX.
700 1# - ENTRADA AGREGADA--NOMBRE PERSONAL
Nombre de persona Gerbault, H.
9 (RLIN) 127292
852 ## - LOCALIZACIÓN
Ubicación ES-MaACL
Número de control de estantería G-3240
Nota libre -- Enc. hol., conservando la cub. original
Encuadernación -- Edic.: La BN Opale-Plus lo fecha ca. 1895 -- Añadir T440 (Collection de romans illustrés)
Holdings
Estatus retirado Estado de pérdida Estado de daño No para préstamo Biblioteca de origen Biblioteca actual Ubicación en estantería Fecha de adquisición Fuente de adquisición Total de préstamos Signatura topográfica completa Código de barras Visto por última vez Precio de reemplazo Tipo de ítem Koha
        Biblioteca del Ateneo de Madrid Biblioteca del Ateneo de Madrid Depósito 2 17/01/2008     G-3240 1170302 23/02/2023 23/02/2023 Libro impreso